• 首页
  • 本馆介绍
  • 公告通知
  • 最新文献
  • 馆藏检索
  • 电子资源
  • 读者导购
  • 参考咨询
  • 我的图书馆
  • 登录
  • 详细信息显示
  • 放入我的书架
  • 预约/预借图书
  • 作者相关作品
  • 分类相关作品
  • 丛书相关作品
  • 出版社相关作品

书目信息

  • 表格格式
  • 工作单格式
  • 卡片格式
题名:
大音
    
 
作者: 萧梅 主编
分册: 第十四卷  
出版信息: 北京   文化艺术出版社  2020.6
页数: 341页
开本: 23cm
丛书名:
单 册:
中图分类: J60 , J608
科图分类:
主题词: 音乐学--文化人类学--文集 , 宗教音乐--文集
电子资源:
ISBN: 978-7-5039-6791-7
000 01098nam0 2200277 45
001 012001001753
005 20211020155800.39
010    @a978-7-5039-6791-7@dCNY52.00
100    @a20201204d2020 em y0chiy50 ea
101 0  @achi
102    @aCN@b110000
105    @aag z 000yy
106    @ar
200 1  @a大音@Ada yin@h第十四卷@f萧梅主编
210    @a北京@c文化艺术出版社@d2020.6
215    @a341页@c图,照片@d23cm
300    @a上海普通高等学校人文社会科学重点研究基地基金资助 蓬瀛道教音乐研究基金资助
304    @a英文共同题名:Ritual soundscapes
330    @a本书分为学术文萃、田野档案、大音讲堂、述评、会议综述五大部分,共包含仪式音乐研究领域的中外著名专家学者的文章13篇,包括《海南黎族道公祭祀音乐表演民族志——以杞黎“招财”仪式为案例》《陕南洋县“经乐班”考察》《音乐中的相遇:在音乐中听到相关性》《“中国仪式音乐研究中心”第七届“全国硕博田野论坛”综述》等。
606 0  @a音乐学@x文化人类学@j文集
606 0  @a宗教音乐@j文集
690    @aJ60@v5
690    @aJ608@v5
701  0 @a萧梅@AXIAO MEI@4主编
801  0 @aCN@b江苏凤凰@c20211018
905    @b1345583-5@dJ60@e1369:14@f3
    
    大音.第十四卷/萧梅主编.-北京:文化艺术出版社,2020.6
    341页:图,照片;23cm
    上海普通高等学校人文社会科学重点研究基地基金资助 蓬瀛道教音乐研究基金资助
    
    ISBN 978-7-5039-6791-7:CNY52.00
    本书分为学术文萃、田野档案、大音讲堂、述评、会议综述五大部分,共包含仪式音乐研究领域的中外著名专家学者的文章13篇,包括《海南黎族道公祭祀音乐表演民族志——以杞黎“招财”仪式为案例》《陕南洋县“经乐班”考察》《音乐中的相遇:在音乐中听到相关性》《“中国仪式音乐研究中心”第七届“全国硕博田野论坛”综述》等。
●
相关链接 在E读中查询图书 在五车中查询图书 在当当中查询图书 在豆瓣中查询图书


正题名:大音     索取号:J60/1369:14         预约/预借

序号 登录号 条形码 馆藏地/架位号 状态 备注
1 1345583   213455839   第一样本阅览室/ [索取号:J60/1369:14] 在馆    
2 1345584   213455848   第一借阅区/ [索取号:J60/1369:14] 在馆    
3 1345585   213455857   第一借阅区/ [索取号:J60/1369:14] 在馆    
唐山师范学院图书馆 欢迎您!
大连网信软件有限公司© 版权所有